01525nam a2200397Ia 4500001001200000003000800012006001900020007001500039008004100054010001700095020001500112020001500127040002100142035002100163050002800184082002100212100002600233245012200259250001200381260004300393300001500436504006600451533015200517650003100669650003000700650003600730650005000766650004000816650004300856651002100899655002900920700001800949710001700967856012600984999001701110ebr10135532CaPaEBRm u cr cn|||||||||050318s2005 nyu sb 001 0 eng d z 2005043432 z1403980578 z1403967520 aCaPaEBRcCaPaEBR a(OCoLC)56053624614aHF5389.3.I4bK86 2005eb04a395.5/2/09542221 aKumar, Rajesh,d1954-10aDoing business in Indiah[electronic resource] :ba guide for western managers /cRajesh Kumar and Anand Kumar Sethi. a1st ed. aNew York :bPalgrave Macmillan,c2005. aix, 164 p. aIncludes bibliographical references (p. [142]-156) and index. aElectronic reproduction.bPalo Alto, Calif. :cebrary,d2009.nAvailable via World Wide Web.nAccess may be limited to ebrary affiliated libraries. 0aBusiness etiquettezIndia. 0aCorporate culturezIndia. 0aNegotiation in businesszIndia. 0aIndustrial managementxSocial aspectszIndia. 0aIntercultural communicationzIndia. 0aNational characteristics, East Indian. 0aIndiaxCommerce. 7aElectronic books.2local1 aSethi, Anand.2 aebrary, Inc.40uhttp://site.ebrary.com/lib/rucke/Doc?id=10135532zAn electronic book accessible through the World Wide Web; click to view c85539d85539